{"text_format":"3","workbook":"xlsx","n_sheets":1,"sheets":["劳务"],"read":"whole","date_system":"1900"}

{"sheet":"劳务","index":0,"n_rows":23,"n_cols":7,"rows_kept":23,"merged":[[0,0,0,6],[1,0,1,6],[2,0,3,0],[2,1,3,1],[2,2,3,2],[2,3,3,3],[2,4,3,4],[2,5,2,6],[9,0,9,6],[11,0,11,6],[12,0,12,6],[13,0,14,0],[13,1,14,1],[13,2,14,2],[13,3,14,3],[13,4,14,4],[13,5,13,6]]}
["控制价清单表"]
["隆昌市普润镇2024年度大中型水库移民后期扶持资金年度项目-道路建设项目---劳务分包单位采购控制价清单"]
["序号","工程或费用名称","工作内容","单位","工程数量","成本测算含税（3%）"]
[{"$nulls":5},"人工费单价(元）","人工费合价(元)"]
[1,"土石方工程","[项目特征]\n1.土石类别:不区分土石成分，综合考虑\n2.挖填方式:综合考虑\n3.土石运距:场区内综合考虑，场区外另按相关清单项计算\n4.挖填深度:达到设计要求\n[工程内容]\n1.排地表水\n2.土石方挖填\n3.挡土板支拆\n4.场内运输\n5.整平、夯实、修整底、边；\n6.围护、支撑、安全防护、警卫\n7.基底钎探","m3",{"v":3430,"d":"3430.00"},{"v":22,"d":"22.00"},{"$f":"ROUND(E5*F5,2)","v":{"v":75460,"d":"75460.00"}}]
[2,"混凝土工程","1.混凝土强度等级：C30商品混凝土，路面摊铺\n2.伸缩缝、胀缝、辅料辅材等包含在综合单价中\n3.包含模板制作、安拆、运输等所有相关费用（包括安拆模板所需要的所有材料）\n4.其它：满足设计、施工及验收规范要求       ","m2",2200,12,{"v":26400,"d":"26400.00"}]
[3,"路面基层","1.放线定形，检查基层、作业面\n2.品类为二灰基层,厚度：160mm。运输混合料，机械摊铺成形、按时压实、养生维护\n3.包含模板支撑,安拆,运输等费用\n4.其它：满足设计、施工及验收规范要求  ","m2",{"v":2400,"d":"2400.00"},{"v":4.8,"d":"4.80"},{"v":11520,"d":"11520.00"}]
[4,"零星用工","清扫防护、零星安装、场内转运等零星用工","项",1,791.6,{"v":791.6,"d":"791.60"}]
[null,"小计",{"$nulls":4},{"$f":"SUM(G5:G8)","v":{"v":114171.6,"d":"114171.60"}}]
["注：\n1、本表是根据初步设计及概算为依据作初步分析；最终成本数据应根据审核后的施工图与财评清单对工作内容及工程量作相应调整。\n2、此表中单价是基于现有的初设图纸及清单内容根据现目前市场价编制。最终供应商投标报价为准（单项报价不超过控制单价）。"]
[]
["控制价清单表"]
["隆昌市普润镇2024年度大中型水库移民后期扶持资金年度项目-小型水利项目-劳务分包采购"]
["序号","工程或费用名称","工作内容","单位","工程数量","成本测算（含税3%）"]
[{"$nulls":5},"人工费单价(元）","人工费合价(元)"]
[1,"土石方工程","[项目特征]\n1.土石类别:不区分土石成分，综合考虑\n2.挖填方式:综合考虑\n3.土石运距:场区内综合考虑，场区外另按相关清单项计算\n4.挖填深度:达到设计要求\n[工程内容]\n1.排地表水\n2.土石方挖填\n3.挡土板支拆\n4.场内运输\n5.整平、夯实、修整底、边；\n6.围护、支撑、安全防护、警卫\n7.基底钎探","m3",3350,22,{"$f":"ROUND(E16*F16,2)","v":73700}]
[2,"混凝土工程","1.混凝土强度等级：商品混凝土综合，路面摊铺\n2.伸缩缝、胀缝、辅料辅材等包含在综合单价中\n3.包含模板制作、安拆、运输等所有相关费用（包括安拆模板所需要的所有材料）\n4.其它：满足设计、施工及验收规范要求       ","m3",72,65,4680]
[3,"砌筑工程","1.M7.5水泥砂浆,砌筑标砖、空心砖、砼砌块等，综合考虑\n2.放线复测，清理作业面，运输并拌合材料，铺浆砌筑，放置砌筑用标砖,勾缝抹平，刷洗养护等\n3.包括卡具、辅料、辅材等\n4.其它：满足设计、施工及验收规范要求 ，除主材以外由甲方提供，其余辅材和小型机具、工具由报价人提供，价格综合考虑到单价当中","m3",55,185,10175]
[4,"泵站安装工程","1.名称：电线、开关、电器具等\n2.型号：满足设计、施工、规范及验收要求\n3.其它：满足设计、施工、规范及验收要求","项",1,40000,40000]
[5,"管道安装工程","1.名称：管道、阀门、三通等\n2.型号：满足设计、施工、规范及验收要求\n3.其它：满足设计、施工、规范及验收要求","项",1,250000,250000]
[6,"机井安装工程","1.名称：潜水泵、配电柜等\n2.型号：满足设计、施工、规范及验收要求\n3.其它：满足设计、施工、规范及验收要求","项",1,11000,11000]
[7,"零星用工","清扫防护、零星安装、场内转运等零星用工","项",1,1359.3,1359.3]
[null,"小计",{"$nulls":4},{"$f":"SUM(G16:G22)","v":{"v":390914.3,"d":"390914.30"}}]